| 000 | 00805cam a22002773a 4500 | ||
|---|---|---|---|
| 001 | 22922 | ||
| 003 | PGUSA | ||
| 005 | 20140828083504.0 | ||
| 008 | 071008s2007||||xxu|||||s|||||000 p eng d | ||
| 040 |
_aPGUSA _beng |
||
| 042 | _adc | ||
| 050 | 4 | _aPN | |
| 050 | 4 | _aPZ | |
| 245 | 1 | 4 |
_aThe Posy Ring : _bA Book of Verse for Children _h[electronic resource] |
| 260 |
_bProject Gutenberg, _c2007 |
||
| 506 | _aPublic domain in the USA. | ||
| 516 | _aElectronic text | ||
| 653 | _aChildren's poetry | ||
| 653 | _aAmerican poetry -- Collections | ||
| 653 | _aEnglish poetry -- Collections | ||
| 700 | 1 |
_aWiggin, Kate Douglas Smith, _d1856-1923 |
|
| 700 | 1 |
_aSmith, Nora Archibald, _d1859-1934 |
|
| 830 | 0 |
_aProject Gutenberg _v22922 |
|
| 856 | 4 | 0 | _uhttp://www.gutenberg.org/ebooks/22922 |
| 942 | _cEB | ||
| 999 |
_c252177 _d252177 |
||